Statystyki dla Moby z Minecraft (1.17.1 UPDATE!)

Kliknij tutaj aby rozwiązać quiz!

Ogólne statystyki

  • Ten quiz został rozwiązany 4 870 razy
    (3 574 od ostatniego zresetowania)
  • Średni wynik to 39 z 82

Statystyki odpowiedzi

Mob% Poprawnych
Świnia
95%
Krowa
93%
Zombie
93%
Szkielet
91%
Ender Dragon
82%
Owca
82%
Wilk
82%
Wilk
82%
Wither
81%
Kot
79%
Koń
78%
Koń
78%
Creeper
75%
Enderman
75%
Osadnik
75%
Piglin
74%
Kurczak
73%
Pająk
73%
Ocelot
62%
Ocelot
62%
Ghast
60%
Papuga
60%
Papuga
60%
Osioł
59%
Osioł
59%
Płomyk
55%
Łosoś
54%
Żelazny Golem
54%
Żelazny Golem
54%
Koza
51%
Lama
50%
Lama
50%
Kałamarnica
49%
Królik
49%
Szlam
49%
Wiedźma
48%
Pszczoła
46%
Aksolotl
45%
Delfin
45%
Dorsz
45%
Pająk Jaskiniowy
45%
Rozdymka
45%
Rozbójnik
44%
Bałwan
42%
Lis
42%
Panda
42%
Hoglin
41%
Muł
41%
Muł
41%
Ryba tropikalna
41%
Rybik cukrowy
41%
Nietoperz
40%
Kostka Magmy
37%
Strażnik
37%
Gigant
36%
Mroczny Szkielet
36%
Niedźwiedź Polarny
35%
Shulker
34%
Utopiec
34%
Fantom
31%
Świecąca Kałamarnica
31%
Żółw
31%
Magmołaz
28%
Posuch
28%
Zoglin
28%
Dręczyciel
27%
Endermite
27%
Mooshroom
27%
Przywoływacz
27%
Zombie Osadnik
27%
Koń szkielet
25%
Starszy Strażnik
25%
Dewastator
21%
Obrońca
21%
Tułacz
20%
Iluzjoner
19%
Piglin okrutnik
16%
Nieumarły Koń
14%
Zombie Pigman
13%
Królik Zabójca
11%
Pajęczy jeździec
9%
Kurzy jeździec
8%

Rozkład punktacji

Percentyl według liczby udzielonych odpowiedzi

Procent ludzi z każdym wynikiem

Twoja historia wyników

Nie rozwiązałeś tego quizu od ostatniego zresetowania